বাণিজ্যিক ও শিল্প আইন = Commercial and Industrial Law / (Record no. 71360)
[ view plain ]
| 000 -LEADER | |
|---|---|
| fixed length control field | 01022nam a2200265 a 4500 |
| 001 - CONTROL NUMBER | |
| control field | 71360 |
| 003 - CONTROL NUMBER IDENTIFIER | |
| rucl marc code | BD-RjUL |
| 005 - DATE AND TIME OF LATEST TRANSACTION | |
| control field | 20211209082114.0 |
| 008 - FIXED-LENGTH DATA ELEMENTS--GENERAL INFORMATION | |
| fixed length control field | 170502s1996 bg |||| |||| 000 0 ben d |
| 020 ## - INTERNATIONAL STANDARD BOOK NUMBER | |
| Terms of availability | : Tk. 250.00 |
| 035 ## - SYSTEM CONTROL NUMBER | |
| System control number | (BD-RjUL)71576 |
| 040 ## - CATALOGING SOURCE | |
| Original cataloging agency | BD-RjUL |
| Language of cataloging | ben |
| Transcribing agency | BD-RjUL |
| Modifying agency | BD-RjUL |
| 041 ## - LANGUAGE CODE | |
| Language code of text/sound track or separate title | ben |
| 082 ## - DEWEY DECIMAL CLASSIFICATION NUMBER | |
| Edition number | 23 |
| Classification number | 346.07 |
| Author mark and year | KHB 1996 |
| 100 1# - MAIN ENTRY--PERSONAL NAME | |
| Personal name | খালেকুজ্জামান, মোহাম্মদ |
| 9 (RLIN) | 117999 |
| 245 10 - TITLE STATEMENT | |
| Title | বাণিজ্যিক ও শিল্প আইন = Commercial and Industrial Law / |
| Statement of responsibility, etc. | মোহাম্মদ খালেকুজ্জামান |
| 250 ## - EDITION STATEMENT | |
| Edition statement | ৫ম সং. |
| 260 ## - PUBLICATION, DISTRIBUTION, ETC. (IMPRINT) | |
| Place of publication, distribution, etc. | ঢাকা : |
| Name of publisher, distributor, etc. | দি এ্যানজেল পাবলিকেশনস, |
| Date of publication, distribution, etc. | ১৯৯৬ |
| 300 ## - PHYSICAL DESCRIPTION | |
| Pagination | বিভিন্ন পৃ. ; |
| Size | ৩১ সেমি. |
| 650 ## - SUBJECT ADDED ENTRY--TOPICAL TERM | |
| Topical term or geographic name as entry element | Business law. |
| 9 (RLIN) | 118000 |
| Topical term or geographic name as entry element | ব্যবসা আইন. |
| 9 (RLIN) | 166651 |
| Topical term or geographic name as entry element | শিল্প আইন |
| 9 (RLIN) | 166652 |
| Topical term or geographic name as entry element | Industrial Law |
| 9 (RLIN) | 118001 |
| 942 ## - ADDED ENTRY ELEMENTS (KOHA) | |
| Source of classification or shelving scheme | Dewey Decimal Classification |
| Koha item type | Books |
| Lost status | Source of classification or shelving scheme | Damaged status | Not for loan | Collection code | Permanent Location | Current Location | Shelving location | Date acquired | Source of acquisition | Cost, normal purchase price | Total Checkouts | Full call number | Date last seen | Copy number | Koha item type |
|---|---|---|---|---|---|---|---|---|---|---|---|---|---|---|---|
| Dewey Decimal Classification | Not For Loan | Non-fiction | Central Library, University of Rajshahi | Central Library, University of Rajshahi | Reading Room | 15/09/2002 | N/A | 250.00 | B 346.07 KHB 1996 | 02/05/2017 | C-1 | Books |